Prechod na jednotnú Európsku menu a odhad jeho vplyvu na podnikateľské prostredie
Etapy prechodu na jednotnú Európsku menu. Právne, účtovné, fiskálne, finančné a sociálne problémy súvisiace s prechodom na jednotnú Európsku menu. Okruh právnych istôt a daňových problémov v dôsledku zavedenia menovej únie.
Uložené v:
| Hlavný autor: | |
|---|---|
| Médium: | Kniha |
| Jazyk: | Slovak |
| Predmet: | |
| Tagy: |
Žiadne tagy, Buďte prvý, kto otaguje tento záznam!
|
MARC
| LEADER | 00000nam a2200000 4500 | ||
|---|---|---|---|
| 001 | r031613 | ||
| 005 | 20230919113632.5 | ||
| 041 | 0 | |a slo | |
| 044 | |a SK | ||
| 245 | 1 | 0 | |a Prechod na jednotnú Európsku menu a odhad jeho vplyvu na podnikateľské prostredie |c Ľubomír Grúň |
| 520 | |a Etapy prechodu na jednotnú Európsku menu. Právne, účtovné, fiskálne, finančné a sociálne problémy súvisiace s prechodom na jednotnú Európsku menu. Okruh právnych istôt a daňových problémov v dôsledku zavedenia menovej únie. | ||
| 610 | 2 | 0 | |a únie menové |
| 610 | 2 | 0 | |a euro |
| 610 | 2 | 0 | |a prostredie ekonomické |
| 610 | 2 | 0 | |a kurz výmenný |
| 610 | 2 | 0 | |a problémy globálne |
| 610 | 2 | 0 | |a trh euromenový |
| 610 | 2 | 0 | |a trh finančný medzinárodný |
| 610 | 2 | 0 | |a zamestnanosť |
| 610 | 2 | 0 | |a dane |
| 610 | 2 | 0 | |a mena |
| 100 | 1 | |a Grúň, Ľubomír | |